000 00550nam a2200217Ia 4500
003 OSt
005 20220928143033.0
006 a|||||r|||| 00| 0
007 ta
008 220927b |||||||| |||| 00| 0 eng d
024 _a20561
037 _cTextual
040 _aSDCL
_cSDCL
_beng
041 _2eng
_aeng
082 _aB6:3, L7.1
100 _aHermann Robert
_9493483
245 0 _aQuantum and fermion differential geometry.V1.
260 _c1977
942 _hB6:3, L7.1
_cTEXL
_2CC
999 _c822674
_d822674